000 01302nam a2200313 a 4500
001 ebr10674834
003 CaPaEBR
006 m o u
007 cr cn|||||||||
008 150303s2013 si ad sb 001 0 eng d
020 _z9781118188286
020 _z9781118188309 (e-book)
040 _aCaPaEBR
_cCaPaEBR
035 _a(OCoLC)822229970
050 1 4 _aTG405
_b.X885 2013eb
082 0 4 _a624.2/52
_223
100 1 _aXu, You-Lin,
_d1952-
245 1 0 _aWind effects on cable-supported bridges
_h[electronic resource] /
_cYou-Lin Xu.
260 _aSingapore :
_bWiley,
_cc2013.
300 _a1 online resource (xxvi, 742 p.) :
_bill. (some col.), charts.
504 _aIncludes bibliographical references at the end of each chapters and index.
533 _aElectronic reproduction.
_bPalo Alto, Calif. :
_cebrary,
_d2015.
_nAvailable via World Wide Web.
_nAccess may be limited to ebrary affiliated libraries.
588 _aDescription based on online resource; title from title page (ebrary, viewed May 8, 2013).
650 0 _aCable-stayed bridges.
650 0 _aWind-pressure.
655 7 _aElectronic books.
_2local
710 2 _aebrary, Inc.
856 4 0 _uhttp://site.ebrary.com/lib/rucke/Doc?id=10674834
_zAn electronic book accessible through the World Wide Web; click to view
999 _c163686
_d163686